| 000 | 01242nam a2200325 a 4500 | ||
|---|---|---|---|
| 003 | BLK | ||
| 005 | 20250510105105.0 | ||
| 008 | 200106b bu ||||| |||| 00| 0 bu d | ||
| 020 | _a9789543575770 | ||
| 040 | _aBLK | ||
| 041 |
_aBUL _cBUL |
||
| 080 |
_aМузика _b78 _x(02.053.2) _z78(02.053.2) _9234805 |
||
| 084 | _aК 78 | ||
| 100 |
_aКолет, Емили _9489099 |
||
| 245 |
_aМоят малък Бах _cЕмили Колет; ил. Северин Кордие; прев. Валерия Стефанова _bМузикална книжка |
||
| 257 | _aBGR | ||
| 260 |
_9210050 _aСофия _bЕМАС _c2023 |
||
| 300 |
_a11 с. _bс цв. ил. _c17Х16 см. |
||
| 380 | _aDN | ||
| 490 |
_9489100 _aМоята малка музикална книжка |
||
| 500 | _aОриг. загл. Mon petit Bach / Emilie Collet. - Кн. отпеч. на ламиниран картон | ||
| 700 | 1 |
_982399 _aКордие, Северин |
|
| 700 |
_9449448 _aСтефанова, Валерия Валериева |
||
| 852 | _aІ 43019 | ||
| 942 |
_cKNG _n0 _s1 _045 |
||
| 944 |
_cТеодора Пейчева-Дянкова _k30564 _lАнна Гръцманова |
||
| 944 |
_aED _kДГ |
||
| 999 |
_c495373 _d495373 |
||
| 999 | _d495373 | ||
| 999 | _d495373 | ||